Advanced mathematical methods in environmental and resource economics: World Scientific Lecture Notes In Economics And Policy-Vol.13 (Record no. 1308451)
[ view plain ]
| 000 -LEADER | |
|---|---|
| fixed length control field | 01834nam a2200217 4500 |
| 005 - DATE AND TIME OF LATEST TRANSACTION | |
| control field | 20250403164835.0 |
| 008 - FIXED-LENGTH DATA ELEMENTS--GENERAL INFORMATION | |
| fixed length control field | 250403b |||||||| |||| 00| 0 eng d |
| 020 ## - INTERNATIONAL STANDARD BOOK NUMBER | |
| International Standard Book Number | 9789811262203 |
| 037 ## - SOURCE OF ACQUISITION | |
| Terms of availability | Textual |
| 040 ## - CATALOGING SOURCE | |
| Original cataloging agency | RTL |
| Transcribing agency | RTL |
| 084 ## - COLON CLASSIFICATION NUMBER | |
| Classification number | X:(G:55) R3 |
| Assigning agency | RTL |
| 100 ## - MAIN ENTRY--PERSONAL NAME | |
| Personal name | Xepapadeas, Anastasios |
| 9 (RLIN) | 254096 |
| 245 ## - TITLE STATEMENT | |
| Title | Advanced mathematical methods in environmental and resource economics: World Scientific Lecture Notes In Economics And Policy-Vol.13 |
| 260 ## - PUBLICATION, DISTRIBUTION, ETC. | |
| Place of publication, distribution, etc. | New Jersey |
| Name of publisher, distributor, etc. | World Scientific |
| Date of publication, distribution, etc. | 2023 |
| 300 ## - PHYSICAL DESCRIPTION | |
| Extent | x, 259p. |
| Other physical details | Includes bibliography and index |
| 520 ## - SUMMARY, ETC. | |
| Summary, etc. | The most interesting issues in environmental and resource economics have an explicit temporal dimension, since variables of interest such as pollutants, greenhouse gases, biomass of biological resources, or the stocks of fossil fuels accumulate in the ambient environment or are depleted through human actions and natural processes. The purpose of these lectures is to present the mathematical tools for analyzing environmental and resource management issues in a dynamic set-up. The lectures include a brief description of differential equations and then move on to describe methods of optimal control, dynamic programing, and differential games. The final chapters cover two novel topics: (1) environmental issues characterized by deep uncertainty, and aversion to ambiguity using robust control methods and formulations of precautionary policies; and (2) the study of pollution/resource management in space and time when the environmental variables evolve in time and diffuse in space. |
| 650 ## - SUBJECT ADDED ENTRY--TOPICAL TERM | |
| Topical term or geographic name entry element | Environmental economics--mathematical models |
| 9 (RLIN) | 751824 |
| 650 ## - SUBJECT ADDED ENTRY--TOPICAL TERM | |
| Topical term or geographic name entry element | Environmental policy--economic aspects |
| 9 (RLIN) | 751825 |
| 650 ## - SUBJECT ADDED ENTRY--TOPICAL TERM | |
| Topical term or geographic name entry element | Natural resources--mathematical models |
| 9 (RLIN) | 751826 |
| 942 ## - ADDED ENTRY ELEMENTS (KOHA) | |
| Source of classification or shelving scheme | Colon Classification (CC) |
| Suppress in OPAC | No |
| Koha item type | Textbook |
| Classification part | X:(G:55) R3 |
| Withdrawn status | Lost status | Source of classification or shelving scheme | Damaged status | Not for loan | Home library | Current library | Date acquired | Total Checkouts | Full call number | Barcode | Date last seen | Price effective from | Koha item type |
|---|---|---|---|---|---|---|---|---|---|---|---|---|---|
| Colon Classification (CC) | Ratan Tata Library | Ratan Tata Library | 2025-04-03 | X:(G:55) R3 | RT1528375 | 2025-04-03 | 2025-04-03 | Textbook |
